UBT Library

Design on the land; (Record no. 40149)

000 -LEADER
fixed length control field 00601nam a2200229 4500
001 - CONTROL NUMBER
control field 765145
005 - DATE AND TIME OF LATEST TRANSACTION
control field 20180111092637.0
008 - FIXED-LENGTH DATA ELEMENTS--GENERAL INFORMATION
fixed length control field 710510s1971 mauabe b 001 0 eng
010 ## - LIBRARY OF CONGRESS CONTROL NUMBER
LC control number 70134955
020 ## - INTERNATIONAL STANDARD BOOK NUMBER
International Standard Book Number 0674198700
040 ## - CATALOGING SOURCE
Original cataloging agency DLC
Transcribing agency DLC
Modifying agency DLC
041 ## - LANGUAGE CODE
Language code of text/sound track or separate title eng
080 ## - UNIVERSAL DECIMAL CLASSIFICATION NUMBER
Universal Decimal Classification number 712.09
082 00 - DEWEY DECIMAL CLASSIFICATION NUMBER
Classification number 712.09 NEW
100 1# - Rafti
Rafti 41
101 ## - Shkurtesa
Shkurtesa ARK
245 10 - TITLE STATEMENT
Title Design on the land;
Statement of responsibility, etc [by] Norman T. Newton.
350 ## - PRICE (NR) (BK AM CF MU VM SE) [OBSOLETE]
Price $25.00
504 ## - BIBLIOGRAPHY, ETC. NOTE
Bibliography, etc Bibliography: p. 677-689.
906 ## - LOCAL DATA ELEMENT F, LDF (RLIN)
a 7
b cbc
c orignew
d 2
e ncip
f 19
g y-gencatlg
942 ## - ADDED ENTRY ELEMENTS (KOHA)
Source of classification or shelving scheme
Item type Books
Holdings
Withdrawn status Lost status Source of classification or shelving scheme Damaged status Not for loan Collection code Permanent location Current location Shelving location Date acquired Total Checkouts Full call number Barcode Date last seen Price effective from Koha item type
          Koleksioni i përgjithshem UBT - Lipjan UBT - Lipjan Koleksioni i përgjithshem 01/11/2018   712.09 NEW 002-2995308 01/11/2018 01/11/2018 Books
UBT Library © 2015-2024. All rights reserved University Education for Business and Technology